| 000 | 00000nam##2200000za#4500 |
| 001 | 9.630736 |
| 003 | CaOODSP |
| 005 | 20220328113256 |
| 007 | cr ||||||||||| |
| 008 | 150407|2001||||xxc|||||o f|0| 0 fre|d |
| 020 | |a0-662-86388-7 |
| 040 | |aCaOODSP|bfre |
| 043 | |an-cn--- |
| 086 | 1 |aC2-596/2001F-IN2 |
| 110 | 1 |aCanada. |bIndustrie Canada. |
| 245 | 10|aAtteindre l'excellence : |h[ressource électronique]|binvestir dans les gens, le savoir et les possibilités-- la stratégie d'innovation du Canada |
| 260 | |aOttawa - Ontario : |bIndustrie Canada |c[2001]. |
| 300 | |a96p.|bgraphiques, références, tableaux, photographies |
| 590 | |a11-28-Supp|b2011-11-17 |
| 691 | 07|aÉconomie du savoir|2gcpds |
| 691 | 07|aInnovation technologique|2gcpds |
| 691 | 07|aStratégie|2gcpds |
| 775 | 08|tAchieving excellence : |w(CaOODSP)9.686256 |
| 776 | 0#|tAchieving excellence: investing in people, knowledge and opportunity : |w(CaOODSP)9.663519 |
| 776 | 0#|tAtteindre l'excellence: investir dans les gens, le savoir et les possibilités : |w(CaOODSP)9.663520 |
| 856 | 40|ahttp://publications.gc.ca|qPDF|s3.15 Mo|uhttps://publications.gc.ca/collections/Collection/C2-596-2001F.pdf |
| 986 | |a53564B |